000 00786nam a2200217Ia 4500
008 191130s2007##################000#0#eng##
020 _a9783110183580
040 _aACL
_cACL
082 _a307.76094 HEN.2
100 _aHenning, Joachim
245 _aPost-roman towns, trade and settlement in Europe and Byzantium
_cJoachim Hennings
260 _aBerlin
_bWalter De Gruyter
_cc2007
300 _a2 v. : ill. (some col.), maps (some col.) ; 25 cm
500 _aIncludes bibliographical references
650 _aCities and towns, Ancient -- Europe -- Congresses
650 _aCities and towns, Medieval -- Europe -- Congresses
650 _aExcavations (Archaeology) -- Europe -- Congresses
990 _a86c48659ac10000c4ca0a942f3811749
991 _a198449
999 _c40624
_d40624